| 000 | 00588nam a22001937a 4500 | ||
|---|---|---|---|
| 003 | dpl | ||
| 005 | 20180727123303.0 | ||
| 008 | 180727b xxu||||| |||| 00| 0 eng d | ||
| 020 |
_a8177080695 _c875.00 |
||
| 035 | _aB-159766 | ||
| 040 |
_aDPL _bEN _c0 |
||
| 082 | _a330.954 | ||
| 100 | _aSury,M.M. | ||
| 245 |
_aIndian Economy in the 21st Century / _bProspects and Challenges _cby M.M.Sury |
||
| 260 |
_aNew Delhi _bNew Century Publications _c2004 |
||
| 300 |
_axx;410p; _c23cm |
||
| 500 | _aincludes Select bibliography and Index | ||
| 942 |
_2ddc _cEN _h330.954 _mSUR |
||
| 999 |
_c154969 _d154969 |
||